000 00545nam a2200181 4500
005 20251013151742.0
008 251013b |||||||| |||| 00| 0 eng d
020 _a81-7371-105-4
040 _aNational Science Library
_cNational Science Library
080 _a347.77
_bN8;1
245 _aGearing up for patents:
_bThe Indian sceanri
260 _aHydaranan:
_bUniversities Press I(ndia) Limited
_c1998
300 _axi, 288p.
650 _aProperty rights
650 _aJurisdiction
650 _aIndian Patents Act
942 _2udc
_cBK
999 _c67809
_d67809